Modern radio communication (Record no. 195100)
[ view plain ]
| 000 -LEADER | |
|---|---|
| fixed length control field | 00879 a2200169 4500 |
| 003 - CONTROL NUMBER IDENTIFIER | |
| control field | Nust |
| 005 - DATE AND TIME OF LATEST TRANSACTION | |
| control field | 20170207154216.0 |
| 040 ## - CATALOGING SOURCE | |
| Transcribing agency | Nust |
| 082 ## - DEWEY DECIMAL CLASSIFICATION NUMBER | |
| Classification number | 621.384 |
| 100 ## - MAIN ENTRY--PERSONAL NAME | |
| Personal name | J H Reyner |
| 245 ## - TITLE STATEMENT | |
| Title | Modern radio communication |
| Remainder of title | for the more advanced student covering the technique required |
| Statement of responsibility, etc. | J H Reyner |
| 260 ## - PUBLICATION, DISTRIBUTION, ETC. | |
| Place of publication, distribution, etc. | Sir Isaac Pitman |
| Name of publisher, distributor, etc. | London |
| Date of publication, distribution, etc. | 1947 |
| 300 ## - PHYSICAL DESCRIPTION | |
| Extent | x, 341p |
| 505 ## - FORMATTED CONTENTS NOTE | |
| Formatted contents note | The Radio Transmitter (Page-1), The Transmitting Aerial (Page-26), Feeders (Page-40), The Radio Receivers (Page-51), The Receiving Aerial (Page-131), Coupled Circuits (Page-144), Filters And Attenuators (Page-155), Commercial Radiotelephony (Page-174), Short Wave Operation (Page-182), Ultra Short Waves (Page-199), Measurements In Radio Communication (Page-207), Picture Transmission And Television (Page-224) |
| 538 ## - SYSTEM DETAILS NOTE | |
| System details note | Almirah No.132 and Shelf No.1 |
| 650 ## - SUBJECT ADDED ENTRY--TOPICAL TERM | |
| Topical term or geographic name entry element | Modern radio communication |
| 942 ## - ADDED ENTRY ELEMENTS (KOHA) | |
| Source of classification or shelving scheme | |
| Koha item type | Book |
| Withdrawn status | Lost status | Source of classification or shelving scheme | Damaged status | Not for loan | Collection code | Permanent Location | Current Location | Date acquired | Total Checkouts | Full call number | Barcode | Date last seen | Price effective from | Koha item type |
|---|---|---|---|---|---|---|---|---|---|---|---|---|---|---|
| Military College of Signals (MCS) | Military College of Signals (MCS) | 12/12/2016 | 621.382 REY | MCS21372 | 12/08/2016 | 12/12/2016 | Book |
